000 00462nam a2200181Ia 4500
008 230718s9999 xx 000 0 und d
020 _a81-203-0984-7
041 _aeng
082 _a621.382
_bROD
100 _aRoddy D.
245 _aElectronic Communications
250 _a4th ed.
260 _bPrentice - Hall of India Pvt. Ltd.
300 _a820
365 _cRs.
_b275.00
700 _aRoddy D. & Coolen J.
906 _dB:29518-Feb-1999
_cETC
_b41.25
999 _c298400
_d298400